书目信息 |
| 题名: |
学会工作 懂得生活
|
|
| 作者: | 沛霖·泓露 著 | |
| 分册: | ||
| 出版信息: | 北京 中国商业出版社 2016 |
|
| 页数: | 257页 | |
| 开本: | 24cm | |
| 丛书名: | ||
| 单 册: | ||
| 中图分类: | B026-49 | |
| 科图分类: | ||
| 主题词: | 工作方法--gong zuo fang fa--通俗读物 | |
| 电子资源: | ||
| ISBN: | 978-7-5044-9292-0 | |
| 000 | 00813nam0 22002411 450 | |
| 001 | 0119165209 | |
| 005 | 20170619165209.0 | |
| 010 | @a978-7-5044-9292-0@dCNY36.80 | |
| 100 | @a20160718d2016 em y0chiy50 ea | |
| 101 | 0 | @achi |
| 102 | @aCN@b110000 | |
| 105 | @ay z 000yy | |
| 106 | @ar | |
| 200 | 1 | @a学会工作 懂得生活@9xue hui gong zuo dong de sheng huo@f沛霖·泓露著 |
| 210 | @a北京@c中国商业出版社@d2016 | |
| 215 | @a257页@d24cm | |
| 300 | @a珍藏版 | |
| 330 | @a本书包括学会工作是因为你需要、盲目会使你丢了目标、随时放松因为身体需要、不要放纵是因为放纵是不能自制的、生活需要用心、做个快乐的人等内容。 | |
| 606 | 0 | @a工作方法@9gong zuo fang fa@j通俗读物 |
| 690 | @aB026-49@v5 | |
| 701 | 0 | @a沛霖·泓露@9pei lin hong lou@4著 |
| 801 | 0 | @aCN@b百万庄@c20170616 |
| 905 | @b1010061-6@dB026-49@e118@f6 | |
| 学会工作 懂得生活/沛霖·泓露著.-北京:中国商业出版社,2016 |
| 257页;24cm |
| 珍藏版 |
| ISBN 978-7-5044-9292-0:CNY36.80 |
| 本书包括学会工作是因为你需要、盲目会使你丢了目标、随时放松因为身体需要、不要放纵是因为放纵是不能自制的、生活需要用心、做个快乐的人等内容。 |
| ● |
| 相关链接 |
|
|
|
|
正题名:学会工作 懂得生活
索取号:B026-49/118
 
预约/预借
| 序号 | 登录号 | 条形码 | 馆藏地/架位号 | 状态 | 备注 |
| 1 | 1010061 | 210100610 | 第一样本阅览室/ [索取号:B026-49/118] | 在馆 | |
| 2 | 1010062 | 210100629 | 教育系资料室/ [索取号:B026-49/118] | 在馆 | |
| 3 | 1010063 | 210100638 | 教育系资料室/ [索取号:B026-49/118] | 在馆 | |
| 4 | 1010064 | 210100647 | 教育系资料室/ [索取号:B026-49/118] | 在馆 | |
| 5 | 1010065 | 210100656 | 第一借阅区/ [索取号:B026-49/118] | 在馆 | |
| 6 | 1010066 | 210100665 | 第一借阅区/ [索取号:B026-49/118] | 在馆 |